|
|
|
|
| LEADER |
00725cam a2200217 7i4500 |
| 001 |
0000051377 |
| 005 |
20180505090000.0 |
| 008 |
180118 eng |
| 020 |
|
|
|a 9780470518861 (pbk.)
|
| 090 |
0 |
0 |
|a HB139
|b .B35 2008
|
| 100 |
1 |
|
|a Baltagi, Badi H
|
| 245 |
1 |
0 |
|a Econometric analysis of panel data
|c Badi H. Baltagi.
|
| 250 |
|
|
|a 4th ed.
|
| 260 |
|
|
|a Chichester, UK:
|b John Wiley & Sons,
|c 2008.
|
| 300 |
|
|
|a xiii, 351 p.;
|c 25 cm.
|
| 500 |
|
|
|a Gift: Faculty of Business & Accountancy
|
| 504 |
|
|
|a Includes bibliographical references and index
|
| 650 |
0 |
0 |
|a Panel analysis
|
| 650 |
0 |
0 |
|a Econometrics
|
| 997 |
|
|
|a Business & Accountancy, Faculty
|
| 999 |
|
|
|a 0000061733
|b BOK
|c OPEN SHELF
|e 1st Floor, Shah Alam
|